Zahraničné a domáce finančné zdroje pre slovenské mimovládne organizácie
Saved in:
| Format: | Book |
|---|---|
| Language: | Slovak |
| Published: |
Bratislava :
SAIA-SCTS,
1998
|
| Subjects: | |
| Tags: |
No Tags, Be the first to tag this record!
|
MARC
| LEADER | 00000nam a22000003a 4500 | ||
|---|---|---|---|
| 001 | stu89731 | ||
| 005 | 20150408161117.3 | ||
| 008 | 040830s1998----xo------------------slo-d | ||
| 040 | |a STU |b slo | ||
| 041 | 0 | |a slo | |
| 044 | |a xo | ||
| 080 | |a 061.2:336.1/.5(058) | ||
| 245 | |a Zahraničné a domáce finančné zdroje pre slovenské mimovládne organizácie | ||
| 260 | |a Bratislava : |b SAIA-SCTS, |c 1998 | ||
| 300 | |a 82 s | ||
| 650 | 7 | |a sektory neziskové |2 stusub | |
| 996 | |b MB263 |c M*B-263 |l MMKN |s A |a 24 |w stu89731_0001 | ||